Welcome to CU Library Online Public Access Catalogue (OPAC)

FAITH AND MODERNITY (Record no. 6950)

MARC details
000 -LEADER
fixed length control field 00303nam a22001217a 4500
005 - DATE AND TIME OF LATEST TRANSACTION
control field 20250714090024.0
008 - FIXED-LENGTH DATA ELEMENTS--GENERAL INFORMATION
fixed length control field 250714b |||||||| |||| 00| 0 eng d
050 ## - LIBRARY OF CONGRESS CALL NUMBER
Classification number BT82
Item number FAI
245 ## - TITLE STATEMENT
Title FAITH AND MODERNITY
260 ## - PUBLICATION, DISTRIBUTION, ETC.
Place of publication, distribution, etc. OXFORD
Name of publisher, distributor, etc. REGNUM BOOKS INTERNATONAL
Date of publication, distribution, etc. c1997
300 ## - PHYSICAL DESCRIPTION
Extent 352p
942 ## - ADDED ENTRY ELEMENTS (KOHA)
Source of classification or shelving scheme Library of Congress Classification
Koha item type Books
Suppress in OPAC No
999 ## -
-- 6950
-- 6950
Holdings
Withdrawn status Lost status Source of classification or shelving scheme Damaged status Not for loan Collection Home library Current library Shelving location Date acquired Total checkouts Full call number Barcode Date last seen Copy number Price effective from Koha item type
    Library of Congress Classification     Non-fiction Undergraduate Library (Christ Temple) Undergraduate Library (Christ Temple) General stacks 07/14/2025   BT82 FAI ulct00003826 07/14/2025 1 07/14/2025 Books
© 2023-2024 Copyright: Central University Libraries. All Rights Reserved | Created by: Mahone Tech Office